Sports Quiz

Random Sports or NFL Quiz

5 Super Bowl Winners Quiz Stats

Quiz Updated Feb 6, 2016

Challenge
Share
Tweet
Embed
Score 0/75 Timer 11:00
2 Plays Today
% Correct
Tom Brady
83.5%
Aaron Rodgers
82.5%
Eli Manning
81.3%
Joe Flacco
80.1%
Ben Roethlisberger
80%
Drew Brees
79%
C. J Anderson
77.1%
Ray Rice
76.9%
Clay Matthews
76.5%
Rob Gronkowski
75.5%
Russell Wilson
73.8%
Anquan Boldin
73.5%
Hakeem Nicks
73%
Julian Edelman
72.9%
Donald Driver
72.3%
Marshawn Lynch
72.2%
Kurt Warner
72%
Troy Aikman
72%
Jerry Rice
70.9%
Emmitt Smith
70.8%
Santonio Holmes
70.7%
Reggie Wayne
70.6%
Steve Young
70.5%
Justin Tuck
69.8%
Marques Colston
69.5%
Marvin Harrison
69.5%
Marshall Faulk
68.9%
Reggie Bush
68.5%
Walter Payton
68.4%
Michael Irvin
68%
Brandon LaFell
67.9%
Emmanuel Sanders
67.8%
Torrey Smith
67.1%
Joseph Addai
67.1%
Brad Johnson
66.2%
Isaac Bruce
65.5%
Doug Baldwin
65.1%
William Perry
63.2%
% Correct
Dominic Rhodes
62.8%
Jim McMahon
62.7%
Jonathan Vilma
61.5%
Brandon McManus
60.9%
James Jones
60.7%
Percy Harvin
60.7%
LaMarr Woodley
60.4%
Mike Alstott
60.2%
Malik Jackson
57.8%
Mark Rypien
55%
Chris Snee
51%
Darrell Green
49.3%
Tracy Porter
48.5%
Daryl Johnston
48.2%
Michael Pittman
47.2%
Von Miller
46.2%
Max Unger
42.3%
Willie Colon
40.4%
Larry Brown
40.2%
Paul Kruger
39.3%
John Taylor
38%
Henry Hynoski
36.1%
Brent Jones
35.5%
Jonas Gray
35.2%
Cato June
34.8%
Gary Clark
32.9%
Kevin Carter
30.2%
Chip Lohmiller
29.5%
Kevin Butler
26.8%
Jim Covert
25%
Frank Zombo
24.3%
Todd Lyght
23.6%
Jesse Sapolu
22.5%
Jim Lachey
21.4%
Ken Dilger
19.2%
Justin Hartwig
18.6%
Roman Oben
15.4%

You're not logged in!

Compare scores with friends on all Sporcle quizzes.
Join for Free
OR
Log In

You Might Also Like...

Show Comments

Extras

Top Quizzes Today


Score Distribution

Your Account Isn't Verified!

In order to create a playlist on Sporcle, you need to verify the email address you used during registration. Go to your Sporcle Settings to finish the process.

Report this User

Report this user for behavior that violates our Community Guidelines.

Details: